Nghiên cứu khả năng đánh giá chất lượng môi trường nước sông hàn tại thành phố Đà Nẵng của chỉ số tổ hợp sinh học IBI

Tổng quan tài liệu: Tổng quan về hệ thống IBI. Tình hình nghiên cứu chỉ số tổ hợp sinh học IBI trên thế giới và Việt Nam...Đối tượng và phương pháp nghiên cứu...Kết quả và biện luận...

Đã lưu trong:
書目詳細資料
主要作者: Trương, Thị Hiền Lương (Tác giả)
其他作者: Nguyễn Văn Khánh Th.S (Hướng dẫn)
格式: 圖書
語言:Vietnamese
出版: Đại học Đà Nẵng Đại học Sư phạm 2011
叢編:Báo cáo nghiên cứu khoa học khoa Sinh - Môi trường. Thuộc nhóm ngành UT - MT
主題:
標簽: 添加標簽
沒有標簽, 成為第一個標記此記錄!
Thư viện lưu trữ: Mạng thư viện Đại học Đà Nẵng
LEADER 01800nam a2200361 4500
001 000012859
003 9183
005 20120229150254.0
008 120229s2011 viesd
041 |a vie 
072 |a Công trình nghiên cứu khoa học 
082 |a 333.911  |b NGH 
100 |a Trương, Thị Hiền Lương  |e Tác giả 
245 |a Nghiên cứu khả năng đánh giá chất lượng môi trường nước sông hàn tại thành phố Đà Nẵng của chỉ số tổ hợp sinh học IBI  |c Trương Thị Hiền Lương, Trần Thị Thúy An, Lê Kiều Trinh, Vũ Thị Kim Ngọc, Lê Quốc Vĩnh, Lưu Thị Thảo 
260 |a Đại học Đà Nẵng  |b Đại học Sư phạm  |c 2011 
300 |a 26 tr.  |b Hình ảnh  |c 29 cm  |e CD 
490 |a Báo cáo nghiên cứu khoa học khoa Sinh - Môi trường. Thuộc nhóm ngành UT - MT 
500 |a Phụ lục hình ảnh 
520 |a Tổng quan tài liệu: Tổng quan về hệ thống IBI. Tình hình nghiên cứu chỉ số tổ hợp sinh học IBI trên thế giới và Việt Nam...Đối tượng và phương pháp nghiên cứu...Kết quả và biện luận... 
653 |a Nghiên cứu 
653 |a Sông Hàn 
653 |a Tổ hợp sinh học IBI 
700 |a Nguyễn Văn Khánh  |c Th.S  |e Hướng dẫn 
OWN |a LSP 
AVA |a UDN50  |b LSP  |d 333.911 NGH  |e available  |t Error 5001 Not defined in file expand_doc_bib_avail.  |f 1  |g 0  |h N  |i 0  |k 1 
999 |a From the UDN01 
AVA |a UDN50  |b LSP  |d 333.911 NGH  |e available  |t Error 5001 Not defined in file expand_doc_bib_avail.  |f 1  |g 0  |h N  |i 0  |k 1 
TYP |a Monograph 
TYP |a Printed language 
980 |a Mạng thư viện Đại học Đà Nẵng